"Chłopi" Władysława Reymonta - quiz wielokrotnego wyboru - Statystyki

Ogólne statystyki
  • Ten quiz został rozwiązany 356 razy
  • Średni wynik to 11 z 20
Statystyki odpowiedzi
Zagadnienie Odpowiedź % Poprawnych
Jakie chore zwierzę gospodarskie dobił Maciej Boryna? krowę
94%
Kto zmarł podczas wesela Macieja Boryny i Jagny? Kuba
91%
Jasio, syn organisty uczył się na: księdza
85%
Jak miał na imię Żyd, który prowadził w Lipcach karczmę? Jankiel
79%
Jak miał na imię pies Boryny? Łapa
75%
Kim dla Macieja Boryny był kowal? zięciem
69%
Gdzie umarł Maciej Boryna? w polu
68%
Jakie nazwisko panieńskie nosiła Hanka? Bylica
67%
Jakimi słowami rozpoczyna się powieść "Chłopi"? Niech będzie pochwalony Jezus Chrystus!
60%
Jakiego ptaka oswoił Witek? bociana
57%
Który z bohaterów powieści miał drewnianą nogę? Jambroży
52%
Kto w czasie trwania akcji powieści urodził dziecko? Hanka
51%
Maciej Boryna miał: dwóch synów i dwie córki
47%
Jak miał na imię ojciec Jagny? Dominik
44%
Kto poniósl śmierć podczas bitwy o las? borowy
40%
Które kobiety były inspiratorkami wygnania Jagny ze wsi? organiścina i wójtowa
39%
W czyjej chałupie umarła żebraczka Agata? Kłębów
38%
Która para małżeńska z Lipiec wybrała się na pielgrzymkę do Częstochowy? Tereska i Jasiek
33%
Jakimi słowami kończy się powieść "Chłopi"? Ostańcie z Bogiem, ludzie kochane.
27%
Koloniści jakiej narodowości zamierzali osiedlić się na Podlesiu? Niemcy
25%
Nie znaleziono quizów pasujących do podanych kryteriów
Rozkład punktacji
Procent ludzi z każdym wynikiem
Percentyl według liczby udzielonych odpowiedzi
Twoja historia wyników
Nie rozwiązałeś tego quizu